Technological and processing properties of natural rubber layered silicate-nanocomposites by melt intercalation process (Record no. 51592)

MARC details
000 -LEADER
fixed length control field 00405nam a2200121Ia 4500
100 ## - MAIN ENTRY--AUTHOR NAME
Personal name Madhusoodanan K N
245 #0 - TITLE STATEMENT
Title Technological and processing properties of natural rubber layered silicate-nanocomposites by melt intercalation process
260 ## - PUBLICATION, DISTRIBUTION, ETC. (IMPRINT)
Name of publisher Journal of Applied Polymer Science
Year of publication 2006
300 ## - PHYSICAL DESCRIPTION
Number of Pages 2537-43
700 ## - ADDED ENTRY--PERSONAL NAME
Personal name Varghese S
942 ## - ADDED ENTRY ELEMENTS (KOHA)
Koha item type Bibliography STAF
Holdings
Withdrawn status Lost status Damaged status Not for loan Home library Current library Date acquired Serial Enumeration / chronology Koha item type
      Bibliography RRII Library RRII Library 09/04/2014 Volume 102, Issue 3 Bibliography STAF